000 00205nam a22000857a 4500
008 170220b xxu||||| |||| 00| 0 eng d
100 _92929
_aGoel.D.K.
245 _aAccountancy-XI
260 _aNew Delhi
_bAp
_c2009
999 _c6170
_d6170